Nový Prieboj

Bibliographic Details
Previous Title:Nový prieboj dnes
Other Authors: Prachár, Miroslav (Publishing director)
Format: Newspaper
Language:Slovak
PhysicalDescription:2 zv. 32 cm
Published: Prievidza AJATEX 1993-1994
Prievidza Ajatex - Alena Martinková & RE NO
Subjects:

MARC

LEADER 00000cas a2200000 a 4500
001 vtls008884151
003 SK-MaSNL
005 20260228162234.0
008 021209d19931994xo wr|n 0 0 b0slo c
035 |a (SVKBB03)vtls000144978 
040 |a SVKBB  |b slo  |c SVKBB  |d SNK  |e AACR2 
041 0 |a slo 
043 |a e-xo--- 
044 |a xo  |c SK 
072 7 |a 394  |x Verejný a spoločenský život. Každodenný život  |2 konspekt 
080 |a 050  |2 2001 
080 |a (437.613.755)  |2 2001 
080 |a 316.728  |2 2001 
245 0 0 |a Nový Prieboj 
246 1 3 |a Prieboj 
260 |a Prievidza  |b AJATEX  |c 1993-1994 
260 3 |3 19/1993-1994  |a Prievidza  |b Ajatex - Alena Martinková & RE NO 
300 |a 2 zv.  |c 32 cm 
310 |a 1x týždenne 
362 0 |a Roč. I., č. 1 (1993)-roč. II., č. 44 (1994) 
500 |a Šéfredaktor: 1/1993-14/1994, Miroslav Prachár 
500 |a Podnázov v tir.: nezávislý týždenník regiónu Prievidza, od č. 19/1993: nezávislý týždenník horného Ponitria 
500 |a Registračné číslo MK SR: MIČ 49886-1001/94 
500 |a Tlač. Patria, Prievizda, od č. 11/1993 Prima Print, Topoľčany, od č. 14/1993 Tristapress Topoľčany, od č. 2/1994 G-print, Partizánske 
500 |a Od č. 12/1993-24/1994 vydané vo vydavateľstve Prima Print, Topoľčany 
580 |a Od č. 19/1993 sa zlúčil s časopisom: Nový Prieboj dnes 
650 0 7 |a každodenný život  |2 SNKPH  |9 4946 
650 0 7 |a verejný a spoločenský život  |2 SNKPH  |9 265569 
651 7 |a Prievidza (Slovensko)  |2 SNKPH  |9 25558 
651 7 |a Horná Nitra (Slovensko : región)  |2 SNKPH  |9 164707 
655 7 |a regionálne periodiká  |2 SNKPH  |9 131775 
700 1 |a Prachár, Miroslav  |4 pbd  |9 270626 
780 1 5 |t Nový prieboj dnes  |w vtls008884150 
910 |a snk 
916 |a 1993-1994 
958 |a OND 
999 |c 7241  |d 9171 
952 |0 0  |1 0  |4 0  |7 0  |a SNK  |b SNK  |d 2023-11-07  |i snkČSP 1393/97  |l 0  |o snkČSB 4348/2/1994 D1  |p 17A1349084  |r 2026-02-21 19:49:22  |t č. 1-44, neúplné  |w 2026-02-21  |y PREZ  |z Chýba č. 42 
952 |0 0  |1 0  |4 0  |7 0  |a SNK  |b SNK  |d 2025-04-30  |i snkČSP 3308/94  |l 0  |o snkČSB 4348/1/1993 D1  |p 17A1346491  |r 2026-02-21 19:58:11  |t č. 1-21  |w 2026-02-21  |y PREZ  |z č. 1-21 
952 |0 0  |1 0  |4 0  |7 0  |a SNK  |b SNK  |d 2015-06-12  |f 1  |i snkČSP 1392/97  |l 0  |o snkČSB 4348/2/1994  |p 17A0938979  |r 2026-02-21 21:45:29  |t č. 1-44, neúplné  |w 2026-02-21  |y PREZ  |z chýba č. 42 
952 |0 0  |1 0  |4 0  |7 0  |a SNK  |b SNK  |d 2015-06-12  |f 1  |i snkČSP 3307/94  |l 0  |o snkČSB 4348/1/1993  |p 17A0938981  |r 2026-02-21 21:45:29  |t č. 1-21  |w 2026-02-21  |y PREZ